Climatic requirements (Record no. 50577)

MARC details
000 -LEADER
fixed length control field 00501nam a2200157Ia 4500
100 ## - MAIN ENTRY--AUTHOR NAME
Personal name Rao P.S.
245 #0 - TITLE STATEMENT
Title Climatic requirements
260 ## - PUBLICATION, DISTRIBUTION, ETC. (IMPRINT)
Name of publisher In: Natural Rubber: Biology, cultivation and technology. (Eds. M.R. Sethuraj and N.M. Mathew). Elsevier Science Publishers, Amsterdam, pp. 200-219.
Year of publication 1992
650 ## - SUBJECT ADDED ENTRY--TOPICAL TERM
Topical Term Agroclimate
650 ## - SUBJECT ADDED ENTRY--TOPICAL TERM
Topical Term Humidity
650 ## - SUBJECT ADDED ENTRY--TOPICAL TERM
Topical Term Rainfall
650 ## - SUBJECT ADDED ENTRY--TOPICAL TERM
Topical Term Water balance
700 ## - ADDED ENTRY--PERSONAL NAME
Personal name Vijayakumar K.R.
942 ## - ADDED ENTRY ELEMENTS (KOHA)
Koha item type Bibliography STAF
Holdings
Withdrawn status Lost status Damaged status Not for loan Home library Current library Shelving location Date acquired Koha item type
      Bibliography RRII Library RRII Library Physiology 09/04/2014 Bibliography STAF